| 000 | 00623nam a2200205 i 4500 | ||
|---|---|---|---|
| 001 | 115237 | ||
| 003 | ES-MaACL | ||
| 007 | t| | ||
| 008 | 070227s1910 sp ||||1| spa d | ||
| 080 | _a821.134.2-32"19" | ||
| 100 | 1 |
_aJacques, Federico. _965877 |
|
| 245 | 1 | 3 |
_aLa Ășltima jugada / _cpor Federico Jaques ; ilustraciones de J. Blanco Coris. |
| 260 |
_aMadrid : _bEl Cuento Semanal, _c1910. |
||
| 300 |
_a16 p. : _bil. ; _c26 cm. |
||
| 490 | 1 |
_aEl cuento semanal ; _v203 |
|
| 700 | 1 |
_aBlanco Coris, J. _929238 |
|
| 830 | 0 | 3 |
_aEl cuento semanal _v203 _9185957 |
| 852 |
_aES-MaACL _jG-4446(20) |
||
| 999 |
_c115237 _d115237 |
||